000 00986 a2200205 4500
003 NUST
005 20221117165209.0
010 _a 2009281371
020 _a0763734268
020 _a9780763734268
040 _cNust
082 _a515,OCO
100 1 _aO'Connor, Kevin M.
_961892
245 1 0 _aCalculus :
_blabs for Matlab /
_cKevin M. O'Connor.
260 _aSudbury, Mass. :
_bJones and Bartlett,
_c2005.
300 _a121 p. :
_bill. ;
_c23 cm.
505 0 _aIntroducing the "words" in MATLAB (Page-1), Introducing the "pictures" in MATLAB (Page-19),Approximating derivatives and integrals (Page-32), Exact derivatives and integrals (Page-43),The theoretical basis (Page-54), Calculus applications (Page-61), Techniques of integration (Page-71), Polynomial approximations (Page-80), Infinite series (Page-90),- The third dimension (Page-99), Polar, cylindrical, and spherical coordinates (Page-112).
650 0 _aCalculus
_xData processsing.
_9102959
942 _2ddc
_cBK
_k515,OCO
999 _c217989
_d217989